00476nam a2200193 a 4500001001300000003000900013005001700022008004100039020002300080082001700103100001900120245001200139260004400151300000900195500003500204505001200239650001200251700001900263nice12345678IN_TiNIC20260116013737.0050524s1995 lona grp 000 0 eng  a0192495 c52500a320.533bGRI aGriffin, Roger aFascism aLondan bOxford University Press c1995 a410p aincludes index and biblioraphy2 aIndices aFascism1 aGriffin, Roger